Hit, térítés, terjeszkedés - Paul Srodecki - Norbert Kersken (eds.) The expansion of the faith: crusading on the frontiers of Latin christendom in the high middle ages /

Elmentve itt :
Bibliográfiai részletek
Szerző: Barabás Gábor
További közreműködők: Srodecki Paul
Kersken Norbert
Dokumentumtípus: Cikk
Megjelent: 2023
Sorozat:Aetas 38 No. 3
Kulcsszavak:Keresztes háborúk története - középkor - könyvismertetés
Tárgyszavak:
doi:10.14232/aetas.2023.3.179-183

Online Access:http://acta.bibl.u-szeged.hu/84571
LEADER 00971nab a2200241 i 4500
001 acta84571
005 20240318084522.0
008 240318s2023 hu o 0|| hun d
022 |a 0237-7934 
024 7 |a 10.14232/aetas.2023.3.179-183  |2 doi 
040 |a SZTE Egyetemi Kiadványok Repozitórium  |b hun 
041 |a hun 
100 1 |a Barabás Gábor 
245 1 0 |a Hit, térítés, terjeszkedés - Paul Srodecki - Norbert Kersken (eds.)  |h [elektronikus dokumentum] :  |b The expansion of the faith: crusading on the frontiers of Latin christendom in the high middle ages /  |c  Barabás Gábor 
260 |c 2023 
300 |a 179-183 
490 0 |a Aetas  |v 38 No. 3 
650 4 |a Bölcsészettudományok 
650 4 |a Történettudomány és régészet 
695 |a Keresztes háborúk története - középkor - könyvismertetés 
700 0 1 |a Srodecki Paul 
700 0 1 |a Kersken Norbert 
856 4 0 |u http://acta.bibl.u-szeged.hu/84571/1/aetas_2023_003_179-183.pdf  |z Dokumentum-elérés